| 000 | 00806nam a2200253 a 4500 | ||
|---|---|---|---|
| 005 | 20240924070553.0 | ||
| 008 | 020118s1992 r 000 0 eng d | ||
| 020 | _a8475095224 | ||
| 035 | _aUPN01000114693 | ||
| 040 |
_aUPN _bspa _cUPN |
||
| 049 | _aCG | ||
| 050 | 4 |
_aBD241 _bV3.48 1992 |
|
| 100 | 1 |
_aVattimo, Gianni, _d1936- _929489 |
|
| 245 | 1 | 0 |
_aMás allá del sujeto : _bNietzsche, Heidegger y la hermenéutica / _cGianni Vattimo ; tr. Juan Carlos Gentile Vitale. |
| 250 | _a2a ed. | ||
| 260 |
_aBarcelona, (Esp.) : _bPaidós Ibérica, _c1992. |
||
| 300 | _a104 p. | ||
| 440 | 0 |
_aPaidós studio ; _v72 |
|
| 590 | _a(También localizas un ejemplar en el "Area de Reserva") | ||
| 590 | _aBibliografía Básica (BGTQ) | ||
| 650 | 4 |
_aHermenéutica _95799 |
|
| 905 | _aLibro | ||
| 942 |
_2lcc _cLIBRO |
||
| 999 |
_c88562 _d88562 |
||